[Event "M.Chigorin Memorial 2017 "]
[Site "?????-?????????"]
[Date "2017.10.24"]
[Round "4"]
[Board "120"]
[White "Lingur, Zalina"]
[Black "Alekseev, Mikhail"]
[Result "1-0"]
[WhiteElo "2108"]
[BlackElo "1903"]
[PlyCount "89"]
[EventDate "2017.10.21"]
[EventRounds "9"]
[EventCountry "RUS"]

1. e4 c6 2. d4 d5 3. exd5 cxd5 4. c4 Nf6 5. Nc3 g6 6. Nf3 Bg7 7. h3 O-O 8. Bd3
b6 9. O-O dxc4 10. Bxc4 Ba6 11. Nb5 Nc6 12. b3 Na5 13. Be2 Nd5 14. Bd2 Nc6 15.
Rc1 Rc8 16. a4 Bb7 17. Bc4 Qd7 18. Qe2 a6 19. Nc3 Na5 20. Bxd5 Bxd5 21. Nxd5
Qxd5 22. Rxc8 Rxc8 23. Qxa6 Rd8 24. Bg5 Nxb3 25. Qxb6 Nxd4 26. Nxd4 Bxd4 27.
Qc7 Rd7 28. Qc1 f6 29. Be3 Be5 30. Qc8+ Rd8 31. Qg4 Bc7 32. Rc1 Bb8 33. h4 f5
34. Qe2 Qd6 35. Qc4+ e6 36. g3 Qd5 37. Qxd5 exd5 38. Bb6 Re8 39. a5 Be5 40. Re1
Kf7 41. a6 d4 42. a7 d3 43. Rxe5 Rxe5 44. a8=Q d2 45. Qa2+  1-0

[Event "M.Chigorin Memorial 2017 "]
[Site "?????-?????????"]
[Date "2017.10.24"]
[Round "4"]
[Board "121"]
[White "Lystsov, Leonid"]
[Black "Krestin, Denis"]
[Result "0-1"]
[WhiteElo "1866"]
[BlackElo "2107"]
[PlyCount "132"]
[EventDate "2017.10.21"]
[EventRounds "9"]
[EventCountry "RUS"]

1. d4 Nf6 2. Bf4 d5 3. e3 Bf5 4. c4 e6 5. Nc3 c6 6. Qb3 Qb6 7. c5 Qxb3 8. axb3
Nbd7 9. b4 Nh5 10. b5 Nxf4 11. exf4 g5 12. fxg5 Bg7 13. Nge2 e5 14. Ng3 Bg6 15.
dxe5 Bxe5 16. Be2 Nxc5 17. O-O O-O 18. f4 Bd4+ 19. Kh1 Bc2 20. Rac1 Bd3 21.
bxc6 bxc6 22. Rf3 Be4 23. Ncxe4 Nxe4 24. Nxe4 dxe4 25. Rb3 Rfb8 26. Rxb8+ Rxb8
27. Rc2 c5 28. Bc4 Bxb2 29. g3 Bd4 30. Kg2 a5 31. Bd5 e3 32. Kf3 Rb1 33. Bc4
Rb4 34. f5 Kf8 35. f6 a4 36. Ba2 a3 37. Ke2 Ke8 38. Kd3 Rb6 39. Ke2 Rb7 40. Bd5
Rb1 41. Kd3 Rd1+ 42. Ke2 Rg1 43. Be4 Kd7 44. Bd5 Ke8 45. Bc6+ Kd8 46. Bd5 Ke8
47. Bc6+ Kf8 48. Bd5 Rb1 49. Bc4 Rh1 50. Kf3 Re1 51. Re2 Rf1+ 52. Kg2 Rc1 53.
Bb3 c4 54. Ba2 Ke8 55. h4 Kd7 56. h5 c3 57. Bb3 c2 58. Bxc2 Rxc2 59. Rxc2 Bb2
60. Rc4 a2 61. Ra4 a1=Q 62. Rxa1 Bxa1 63. Kf3 Bd4 64. g4 Ke6 65. Ke2 Kd5 66.
Kd3 Ke5  0-1

[Event "M.Chigorin Memorial 2017 "]
[Site "?????-?????????"]
[Date "2017.10.24"]
[Round "4"]
[Board "122"]
[White "Shadunts, Kirill"]
[Black "Ivanov, Sergei V."]
[Result "0-1"]
[WhiteElo "1845"]
[BlackElo "2103"]
[PlyCount "72"]
[EventDate "2017.10.21"]
[EventRounds "9"]
[EventCountry "RUS"]

1. d4 Nf6 2. c4 g6 3. Nc3 Bg7 4. e4 d6 5. f3 O-O 6. Be3 Nc6 7. Nge2 a6 8. Qd2
Rb8 9. Nc1 e5 10. d5 Nd4 11. Nb3 Nxb3 12. axb3 c5 13. Bd3 Nh5 14. g4 Nf4 15.
Bxf4 exf4 16. Qxf4 b5 17. cxb5 axb5 18. O-O c4 19. Bc2 b4 20. Na4 Ba6 21. Rfd1
Bb5 22. bxc4 Bxc4 23. Qe3 Re8 24. Rac1 Qa5 25. b3 Bxd5 26. Qg5 Qa7+ 27. Kg2 Bc6
28. Rxd6 Bxa4 29. bxa4 b3 30. Bb1 Qxa4 31. Qd5 Qb5 32. Qd2 Be5 33. Rd5 Qb4 34.
Qd3 Bf4 35. Rcc5 Qe1 36. Rd7 Qh4  0-1

[Event "M.Chigorin Memorial 2017 "]
[Site "?????-?????????"]
[Date "2017.10.24"]
[Round "4"]
[Board "123"]
[White "Tarasov, Ilya"]
[Black "Rubtsov, Aleksandr"]
[Result "1-0"]
[WhiteElo "2102"]
[BlackElo "1895"]
[PlyCount "105"]
[EventDate "2017.10.21"]
[EventRounds "9"]
[EventCountry "RUS"]

1. d4 d5 2. Nf3 Nf6 3. c4 e6 4. Nc3 c6 5. cxd5 exd5 6. Qc2 Be7 7. Bg5 g6 8. e3
Bf5 9. Bd3 Bxd3 10. Qxd3 O-O 11. O-O Nbd7 12. Rab1 a5 13. a3 Re8 14. Bxf6 Bxf6
15. b4 axb4 16. axb4 Nb6 17. Rfc1 Rc8 18. Qd1 Qe7 19. Na4 Nc4 20. Rb3 Ra8 21.
Nb2 b5 22. Nd3 Qc7 23. Rbb1 Ra3 24. Rb3 Rea8 25. Nc5 Be7 26. Rxa3 Rxa3 27. h4
h5 28. Nd3 Bd6 29. Rb1 Qe7 30. Rb3 Rxb3 31. Qxb3 Qa7 32. Qb1 Qa3 33. Nc5 Kg7
34. Kf1 f6 35. Kg1 Nb2 36. Ne6+ Kh7 37. Ne1 Qxb4 38. g4 Nd3 39. Qxd3 Qxe1+ 40.
Kg2 hxg4 41. h5 f5 42. Ng5+ Kg8 43. hxg6 g3 44. Nh3 gxf2 45. Nxf2 Qa5 46. Qxf5
Qc7 47. Ng4 Qe7 48. Nf6+ Kh8 49. Kf3 Kg7 50. Nh5+ Kg8 51. Ke2 Qc7 52. Qe6+ Kh8
53. Qe8+  1-0

[Event "M.Chigorin Memorial 2017 "]
[Site "?????-?????????"]
[Date "2017.10.24"]
[Round "4"]
[Board "124"]
[White "Aga, Rihard"]
[Black "Mochalin, Faddey"]
[Result "1-0"]
[WhiteElo "1842"]
[BlackElo "2096"]
[PlyCount "135"]
[EventDate "2017.10.21"]
[EventRounds "9"]
[EventCountry "RUS"]

1. d4 d5 2. c4 e6 3. e3 Nf6 4. Nf3 Be7 5. Nc3 O-O 6. Bd3 b6 7. O-O Bb7 8. b3
Nbd7 9. Bb2 Ne4 10. Qc2 f5 11. Rfd1 Rc8 12. cxd5 Nxc3 13. Bxc3 Bxd5 14. Ba6 Rb8
15. Qe2 Qe8 16. Nd2 Bd6 17. Nc4 Nf6 18. Nxd6 cxd6 19. Bb4 b5 20. Bxd6 Qc6 21.
Bxf8 Kxf8 22. Bxb5 Qxb5 23. Qxb5 Rxb5 24. Rdc1 Ne8 25. f3 Ke7 26. Kf2 Kd7 27.
Ke2 g5 28. Kd3 Nf6 29. Re1 Bb7 30. Rab1 g4 31. Rf1 Ra5 32. Rf2 Ne4 33. Rfb2
gxf3 34. gxf3 Ng5 35. Rg1 h6 36. f4 Ba6+ 37. Kc2 Nf3 38. Rg7+ Kd6 39. Kc3 Bb5
40. Kb4 Ra6 41. Kxb5 Rb6+ 42. Ka5 Ne1 43. Rxa7 Rb8 44. Rd2 Nf3 45. Rc2 Kd5 46.
b4 Ke4 47. Rc3 Nxh2 48. b5 Ng4 49. Ra6 h5 50. Rxe6+ Kd5 51. Re7 h4 52. Rh7 Nf2
53. Rc5+ Ke6 54. Rxh4 Ne4 55. Rc6+ Kd5 56. Rh7 Nd6 57. Rc5+ Ke4 58. Re7+ Kd3
59. Ka6 Nc8 60. Rxc8 Rxc8 61. Ka7 Rc2 62. b6 Rxa2+ 63. Kb8 Kc4 64. b7 Kd5 65.
Kc8 Kd6 66. Rd7+ Kc6 67. Rc7+ Kd6 68. b8=Q  1-0

[Event "M.Chigorin Memorial 2017 "]
[Site "?????-?????????"]
[Date "2017.10.24"]
[Round "4"]
[Board "125"]
[White "Babazada, Khazar"]
[Black "Shkuratov, Vladimir"]
[Result "1-0"]
[WhiteElo "2090"]
[BlackElo "1887"]
[PlyCount "55"]
[EventDate "2017.10.21"]
[EventRounds "9"]
[EventCountry "RUS"]

1. Nf3 Nf6 2. g3 e6 3. Bg2 d5 4. O-O Be7 5. c4 O-O 6. b3 b6 7. cxd5 exd5 8. Bb2
Bb7 9. d3 Nbd7 10. Nbd2 c5 11. Re1 Re8 12. e4 dxe4 13. dxe4 Qc7 14. Qc2 Rad8
15. Rad1 Nf8 16. e5 Nd5 17. a3 Ne6 18. Ne4 b5 19. h4 Rd7 20. Nfg5 Nxg5 21. hxg5
Rc8 22. Bh3 Rcd8 23. e6 fxe6 24. Bxe6+ Kh8 25. Bxd7 Rxd7 26. Qe2 a6 27. Qh5 Qd8
28. Nxc5  1-0

[Event "M.Chigorin Memorial 2017 "]
[Site "?????-?????????"]
[Date "2017.10.24"]
[Round "4"]
[Board "126"]
[White "Tsaruk, Maksim"]
[Black "Kovalenko, Kleopatra"]
[Result "1-0"]
[WhiteElo "2090"]
[BlackElo "1879"]
[PlyCount "67"]
[EventDate "2017.10.21"]
[EventRounds "9"]
[EventCountry "RUS"]

1. e4 c5 2. Nf3 e6 3. d4 cxd4 4. Nxd4 Nf6 5. Nc3 d6 6. Be3 a6 7. a4 Nc6 8. Be2
Be7 9. O-O O-O 10. f4 Qc7 11. Bf3 Na5 12. Kh1 Nc4 13. Bc1 Rb8 14. b3 Ne3 15.
Bxe3 Qxc3 16. Qe1 Qc7 17. c4 Bd7 18. Qg3 Kh8 19. e5 Ng8 20. Rad1 Bc6 21. Bg4
Bd7 22. Bf3 f6 23. exd6 Bxd6 24. c5 Be7 25. c6 bxc6 26. Bxc6 Bxc6 27. Nxe6
Bxg2+ 28. Kg1 Bd8 29. Nxc7 Bxf1 30. Ne6 Rf7 31. Rxd8 Rxd8 32. Nxd8 Rd7 33. Bb6
Bd3 34. Qxd3  1-0

[Event "M.Chigorin Memorial 2017 "]
[Site "?????-?????????"]
[Date "2017.10.24"]
[Round "4"]
[Board "127"]
[White "Bhambure, Shantanu"]
[Black "Anant, Prabhudesai"]
[Result "1-0"]
[WhiteElo "2088"]
[BlackElo "1869"]
[PlyCount "79"]
[EventDate "2017.10.21"]
[EventRounds "9"]
[EventCountry "RUS"]

1. d4 Nf6 2. c4 e6 3. Nf3 b6 4. a3 Be7 5. Nc3 Bb7 6. d5 O-O 7. e4 d6 8. Bd3 a5
9. O-O Na6 10. Re1 Nc5 11. Bc2 exd5 12. cxd5 Nfd7 13. Rb1 Bf6 14. Nd4 g6 15. b4
axb4 16. axb4 Na6 17. Ba4 Bg7 18. Be3 Nab8 19. Rc1 Na6 20. Nc6 Qh4 21. f3 Ne5
22. g3 Qh3 23. Nxe5 Bxe5 24. f4 Bxc3 25. Rxc3 Nxb4 26. Rxc7 Bc8 27. f5 Nd3 28.
Qxd3 Rxa4 29. Qc2 Ra8 30. Bf4 Re8 31. fxg6 hxg6 32. Qf2 Bd7 33. Bxd6 Ra4 34.
Rf1 Be6 35. dxe6 Qxe6 36. e5 Ra2 37. Qxf7+ Qxf7 38. Rfxf7 Ra1+ 39. Kg2 Ra2+ 40.
Kh3  1-0

[Event "M.Chigorin Memorial 2017 "]
[Site "?????-?????????"]
[Date "2017.10.24"]
[Round "4"]
[Board "128"]
[White "Pogosian, Vladimir"]
[Black "Yurasova, Daria"]
[Result "1-0"]
[WhiteElo "2088"]
[BlackElo "1849"]
[PlyCount "127"]
[EventDate "2017.10.21"]
[EventRounds "9"]
[EventCountry "RUS"]

1. f4 c5 2. Nf3 Nf6 3. g3 b6 4. Bg2 Bb7 5. d3 d5 6. O-O e6 7. Qe1 Be7 8. Nbd2
Nc6 9. c3 Qc7 10. h3 O-O-O 11. a3 Rhg8 12. b4 Kb8 13. Nb3 Nd7 14. b5 Na5 15.
Nxa5 bxa5 16. c4 dxc4 17. dxc4 Bf6 18. Ra2 Nb6 19. g4 g6 20. e4 Ka8 21. e5 Be7
22. Qxa5 Kb8 23. Qc3 Rd4 24. Nxd4 cxd4 25. Qd3 Qxc4 26. Qxc4 Nxc4 27. Rc2 Bxg2
28. Kxg2 Rc8 29. Ra2 d3 30. Rd1 Rd8 31. Kf3 Bc5 32. Bd2 Bxa3 33. Rb1 Bc5 34.
Rb3 Bb6 35. Rc3 Rd4 36. Rc1 Bc5 37. Rd1 Kb7 38. Bc3 Rd5 39. Ke4 d2 40. Ra4 Nb6
41. Ra6 Nc4 42. Rc6 Kb8 43. h4 f5+ 44. exf6 Nd6+ 45. Rxd6 Bxd6 46. Rxd2 Rxd2
47. Bxd2 Kb7 48. Be3 a6 49. bxa6+ Kxa6 50. Bd4 Kb5 51. f7 Bf8 52. Ke5 Kc4 53.
Bb2 Kd3 54. Kxe6 Ke4 55. Be5 h6 56. Bd6 Bg7 57. f5 gxf5 58. gxf5 h5 59. f8=Q
Bxf8 60. Bxf8 Kf4 61. Bh6+ Kg4 62. Bg5 Kh3 63. f6 Kg4 64. f7  1-0

[Event "M.Chigorin Memorial 2017 "]
[Site "?????-?????????"]
[Date "2017.10.24"]
[Round "4"]
[Board "129"]
[White "Shoshin, Kirill"]
[Black "Mitra, Roman C"]
[Result "1/2-1/2"]
[WhiteElo "1831"]
[BlackElo "2087"]
[PlyCount "99"]
[EventDate "2017.10.21"]
[EventRounds "9"]
[EventCountry "RUS"]

1. d4 a6 2. e4 e6 3. Nf3 d5 4. exd5 Qxd5 5. c4 Qd8 6. Nc3 Nf6 7. g3 b6 8. Bg2
Bb7 9. O-O Be7 10. b3 O-O 11. Bb2 Nbd7 12. Qc2 Ra7 13. Rad1 Qa8 14. Nh4 Bxg2
15. Nxg2 Rd8 16. Rfe1 Nf8 17. d5 c6 18. dxc6 Rxd1 19. Rxd1 Qxc6 20. Ne3 b5 21.
Ne2 Rc7 22. Nd4 Qb7 23. Qe2 b4 24. Qf3 Qc8 25. Ng4 Nxg4 26. Qxg4 Bf6 27. Bc1
Rd7 28. Nc2 Bc3 29. Ne3 Qc6 30. Qe2 a5 31. Bb2 Bxb2 32. Qxb2 h6 33. Rd4 Ng6 34.
f4 h5 35. Qd2 Rxd4 36. Qxd4 Qf3 37. Nf1 h4 38. Qf2 Qe4 39. Qg2 Qf5 40. Qf2 Kh7
41. Qe2 Kh8 42. Qf2 Kg8 43. Qe2 e5 44. fxe5 Nxe5 45. Nd2 h3 46. Qe4 Qh5 47.
Qa8+ Kh7 48. Qe4+ Ng6 49. Nf3 f5 50. Qe3  1/2-1/2

[Event "M.Chigorin Memorial 2017 "]
[Site "?????-?????????"]
[Date "2017.10.24"]
[Round "4"]
[Board "130"]
[White "Lazhevskaya, Zhanni"]
[Black "Thrish, Karthik"]
[Result "1/2-1/2"]
[WhiteElo "2086"]
[BlackElo "1843"]
[PlyCount "152"]
[EventDate "2017.10.21"]
[EventRounds "9"]
[EventCountry "RUS"]

1. e4 Nf6 2. e5 Nd5 3. d4 d6 4. Nf3 dxe5 5. Nxe5 c6 6. Bc4 e6 7. Qh5 Qc7 8. O-O
Nf6 9. Qf3 Bd6 10. Nc3 O-O 11. Re1 a6 12. Bd3 Nbd7 13. Nxd7 Bxd7 14. Bg5 Nd5
15. Re4 f5 16. Nxd5 cxd5 17. Rh4 g6 18. Re1 Rae8 19. Bf4 Bxf4 20. Qxf4 Qxf4 21.
Rxf4 Re7 22. Rf3 Rfe8 23. Re5 Rc8 24. Rfe3 Rf7 25. Kf1 Rf6 26. Ke1 Kf7 27. Kd2
a5 28. Be2 b5 29. Ra3 a4 30. Rc3 Rb8 31. Rc5 Rb7 32. a3 b4 33. axb4 Rxb4 34.
Kc3 Rb7 35. Ba6 Ra7 36. Bb5 Bxb5 37. Rxb5 a3 38. bxa3 Rxa3+ 39. Kb4 Ra2 40. Kb3
Ra1 41. Rb7+ Kg8 42. Rc7 Rb1+ 43. Kc3 Rb6 44. Re1 Rf7 45. Rc8+ Kg7 46. Ra1 Rbb7
47. Kd3 Rfc7 48. Re8 Rb2 49. Rc1 Kf7 50. Rh8 Kf6 51. h4 Kg7 52. Ra8 Kf7 53. g3
Kg7 54. Ra3 Kf7 55. f3 Kg7 56. Rc3 Ra7 57. Ke3 Kf6 58. Rc6 Ra3+ 59. c3 Raa2 60.
Re1 Rg2 61. Rc7 h6 62. Rc6 g5 63. hxg5+ hxg5 64. Kd3 Rad2+ 65. Ke3 Rb2 66. Kd3
Rbd2+ 67. Ke3 Rb2 68. Ra6 g4 69. fxg4 fxg4 70. Kd3 Rbd2+ 71. Ke3 Rc2 72. Kd3
Rcd2+ 73. Ke3 Rc2 74. Kd3 Rcd2+ 75. Ke3 Rb2 76. Kd3 Rbd2+  1/2-1/2

[Event "M.Chigorin Memorial 2017 "]
[Site "?????-?????????"]
[Date "2017.10.24"]
[Round "4"]
[Board "131"]
[White "Aseev, Vladimir"]
[Black "Kozlov, Mikhail"]
[Result "1-0"]
[WhiteElo "2082"]
[BlackElo "1813"]
[PlyCount "45"]
[EventDate "2017.10.21"]
[EventRounds "9"]
[EventCountry "RUS"]

1. d4 c5 2. d5 e5 3. e4 d6 4. Nc3 a6 5. a4 Be7 6. Be2 Bg5 7. Nf3 Bxc1 8. Qxc1
Bg4 9. Ng1 Bxe2 10. Ngxe2 Ne7 11. O-O Nd7 12. Ng3 Nf6 13. Qg5 Rg8 14. Qd2 g5
15. a5 h5 16. Ra3 h4 17. Nge2 Ng6 18. g3 Nh5 19. Nd1 g4 20. Rb3 hxg3 21. fxg3
Qd7 22. Qg5 Rh8 23. Ne3  1-0

[Event "M.Chigorin Memorial 2017 "]
[Site "?????-?????????"]
[Date "2017.10.24"]
[Round "4"]
[Board "132"]
[White "Vasilenko, Ekaterina"]
[Black "Chekmareva, Liya"]
[Result "0-1"]
[WhiteElo "1806"]
[BlackElo "2077"]
[PlyCount "68"]
[EventDate "2017.10.21"]
[EventRounds "9"]
[EventCountry "RUS"]

1. e4 c5 2. Nf3 g6 3. d4 Bg7 4. c3 cxd4 5. Nxd4 d6 6. Be3 Nf6 7. Bd3 Nbd7 8. f3
d5 9. Nd2 O-O 10. O-O Nc5 11. Bc2 dxe4 12. b4 Nd5 13. Nc4 Nxc3 14. Qd2 Bxd4 15.
bxc5 Be6 16. Bb3 Bxe3+ 17. Qxe3 Qd3 18. Qxd3 exd3 19. Ne5 Bxb3 20. axb3 d2 21.
Kf2 Rfd8 22. Rfd1 Nxd1+ 23. Rxd1 Rd5 24. Nc4 Rad8 25. Ke2 Rxc5 26. Rxd2 Rxd2+
27. Kxd2 Kg7 28. Kd3 Rxc4 29. Kxc4 Kf6 30. Kd5 Kf5 31. g3 g5 32. b4 h6 33. h3
h5 34. b5 h4  0-1

[Event "M.Chigorin Memorial 2017 "]
[Site "?????-?????????"]
[Date "2017.10.24"]
[Round "4"]
[Board "133"]
[White "Ismagilov, Damir"]
[Black "Khochinsky, Andrey"]
[Result "1-0"]
[WhiteElo "2058"]
[BlackElo "1803"]
[PlyCount "151"]
[EventDate "2017.10.21"]
[EventRounds "9"]
[EventCountry "RUS"]

1. d4 Nf6 2. Nc3 d5 3. Bf4 c6 4. e3 Bf5 5. f3 e6 6. g4 Bg6 7. h4 h6 8. Bd3 Bxd3
9. Qxd3 Bd6 10. Nge2 Bxf4 11. Nxf4 Nbd7 12. O-O-O Nb6 13. g5 Nfd7 14. g6 Qe7
15. gxf7+ Qxf7 16. Rdg1 O-O-O 17. Qg6 Qxg6 18. Rxg6 e5 19. Ne6 Nf8 20. Nxd8
Nxg6 21. Ne6 exd4 22. exd4 Ne7 23. Nxg7 Rg8 24. Nh5 Nf5 25. Ne2 Rg2 26. Nhf4
Rf2 27. c3 Rxf3 28. h5 Nc4 29. Rg1 Nce3 30. Kd2 Nf1+ 31. Ke1 N1g3 32. Kd2 Nxe2
33. Nxe2 Rh3 34. Nf4 Rh4 35. Ne6 Rxh5 36. Rg8+ Kd7 37. Nc5+ Kc7 38. Rf8 Nd6 39.
Ne6+ Kb6 40. Nc5 Ne4+ 41. Nxe4 dxe4 42. b4 Rh3 43. a4 a5 44. bxa5+ Kxa5 45. Rb8
Kb6 46. a5+ Ka7 47. Re8 e3+ 48. Ke2 h5 49. c4 h4 50. d5 cxd5 51. cxd5 Rg3 52.
d6 Rg7 53. Kxe3 Rd7 54. Re6 Ka6 55. Kd4 Kxa5 56. Kd5 Kb6 57. Re7 Rd8 58. Rh7
Rg8 59. Ke6 h3 60. Rxh3 Rg6+ 61. Ke7 Rg7+ 62. Kf6 Rd7 63. Ke6 Rg7 64. d7 Rg6+
65. Kf7 Rd6 66. Ke7 Rd4 67. Rb3+ Kc6 68. Rc3+ Kb5 69. Rc8 Ka4 70. d8=Q Rxd8 71.
Rxd8 b5 72. Kd6 Kb4 73. Rc8 Ka3 74. Kc5 b4 75. Ra8+ Kb3 76. Rb8  1-0

[Event "M.Chigorin Memorial 2017 "]
[Site "?????-?????????"]
[Date "2017.10.24"]
[Round "4"]
[Board "134"]
[White "Leonova, Ameliya"]
[Black "Veselov, Andrey"]
[Result "0-1"]
[WhiteElo "1798"]
[BlackElo "2056"]
[PlyCount "62"]
[EventDate "2017.10.21"]
[EventRounds "9"]
[EventCountry "RUS"]

1. e4 c5 2. Nf3 Nc6 3. Bb5 Nf6 4. Bxc6 bxc6 5. e5 Nd5 6. c4 Nc7 7. O-O d5 8.
Nc3 Bg4 9. e6 Bxe6 10. Ne5 Qd6 11. cxd5 Qxe5 12. dxe6 Nxe6 13. Re1 Qc7 14. b3
g6 15. Bb2 Bg7 16. Qg4 O-O 17. Re3 Bd4 18. Rh3 f5 19. Qh4 Rf7 20. Re1 Nf4 21.
Rf3 e5 22. Na4 Nd5 23. Bxd4 cxd4 24. Nb2 e4 25. Rh3 Qa5 26. Nc4 Qxa2 27. Qh6
Nf6 28. Ne5 Ng4 29. Nxg4 fxg4 30. Rg3 e3 31. dxe3 Qxf2+  0-1

[Event "M.Chigorin Memorial 2017 "]
[Site "?????-?????????"]
[Date "2017.10.24"]
[Round "4"]
[Board "135"]
[White "Mustafayev, Nihad"]
[Black "Divya, Deshmukh"]
[Result "0-1"]
[WhiteElo "1788"]
[BlackElo "2051"]
[PlyCount "60"]
[EventDate "2017.10.21"]
[EventRounds "9"]
[EventCountry "RUS"]

1. d4 Nf6 2. Nf3 g6 3. c4 Bg7 4. Nc3 d5 5. Bg5 Ne4 6. cxd5 Nxc3 7. bxc3 Qxd5 8.
e3 Bf5 9. Be2 c5 10. O-O Nc6 11. Qa4 O-O 12. Rfd1 Rfd8 13. Bb5 Be4 14. Bxc6
bxc6 15. Bxe7 Bxf3 16. gxf3 Re8 17. e4 Qh5 18. Qxc6 Qxf3 19. Bxc5 Qg4+ 20. Kh1
Rac8 21. Qb7 Rxe4 22. Rd3 Rce8 23. Rg3 Qe2 24. Kg2 h5 25. h3 h4 26. Rf3 f5 27.
Qd5+ Kh7 28. Rb1 Qd2 29. Rb7 Qg5+ 30. Kh2 Re1  0-1

[Event "M.Chigorin Memorial 2017 "]
[Site "?????-?????????"]
[Date "2017.10.24"]
[Round "4"]
[Board "136"]
[White "Zavgorodniaya, Alena"]
[Black "Titievskaya, Elizaveta"]
[Result "1-0"]
[WhiteElo "2039"]
[BlackElo "1798"]
[PlyCount "71"]
[EventDate "2017.10.21"]
[EventRounds "9"]
[EventCountry "RUS"]

1. e4 c5 2. Ne2 d5 3. exd5 Qxd5 4. Nbc3 Qd8 5. g3 Bd7 6. d4 e6 7. Bg2 Nc6 8.
O-O Nf6 9. Bg5 h6 10. Bxf6 Qxf6 11. Ne4 Qf5 12. dxc5 Bxc5 13. c3 Qe5 14. Nxc5
Qxc5 15. b4 Qe7 16. b5 Nd8 17. c4 Rc8 18. Qd4 O-O 19. Rfd1 Rc7 20. Rac1 b6 21.
Nf4 Nb7 22. Re1 Qc5 23. Qb2 Rfc8 24. Re5 Qf8 25. Bxb7 Rxb7 26. Qe2 Rc5 27. Rd1
Rbc7 28. Re4 Qd8 29. Nd3 Rf5 30. Ne5 Qe7 31. Red4 Bc8 32. Qd3 g6 33. Rd8+ Kh7
34. Ng4 Qg5 35. Qd6 Qe7 36. Qxe7  1-0

[Event "M.Chigorin Memorial 2017 "]
[Site "?????-?????????"]
[Date "2017.10.24"]
[Round "4"]
[Board "137"]
[White "Patarin, Arnaud"]
[Black "Golovkina, Anastasia"]
[Result "1-0"]
[WhiteElo "1766"]
[BlackElo "2035"]
[PlyCount "63"]
[EventDate "2017.10.21"]
[EventRounds "9"]
[EventCountry "RUS"]

1. c4 e6 2. g3 d5 3. Bg2 Nf6 4. b3 Be7 5. Bb2 O-O 6. Nf3 c6 7. O-O b6 8. d3 Bb7
9. Nbd2 c5 10. d4 Nbd7 11. Rc1 Rc8 12. e3 dxc4 13. Nxc4 b5 14. Nce5 Nxe5 15.
Nxe5 Bxg2 16. Kxg2 Qb6 17. Qe2 Rfd8 18. Rfd1 Nd5 19. Qh5 f6 20. dxc5 Bxc5 21.
e4 fxe5 22. exd5 Qb7 23. Qxe5 exd5 24. Bd4 Re8 25. Qg5 Bd6 26. Rxc8 Rxc8 27.
Bxg7 d4+ 28. Kg1 Qxg7 29. Qd5+ Qf7 30. Qxd6 Rf8 31. Qxd4 a6 32. Qd5  1-0

[Event "M.Chigorin Memorial 2017 "]
[Site "?????-?????????"]
[Date "2017.10.24"]
[Round "4"]
[Board "138"]
[White "Savinov, Leonid"]
[Black "Don, Aleksandr"]
[Result "1-0"]
[WhiteElo "2035"]
[BlackElo "1793"]
[PlyCount "89"]
[EventDate "2017.10.21"]
[EventRounds "9"]
[EventCountry "RUS"]

1. e4 c5 2. Nf3 e6 3. d4 cxd4 4. Nxd4 Nf6 5. Bd3 Nc6 6. Nxc6 bxc6 7. O-O d5 8.
Nd2 Be7 9. Qe2 O-O 10. c4 Qb6 11. e5 Nd7 12. Nf3 Nc5 13. Be3 Qd8 14. Bxc5 Bxc5
15. cxd5 cxd5 16. Bxh7+ Kxh7 17. Qc2+ Kg8 18. Qxc5 Ba6 19. Rfc1 Qb6 20. Qxb6
axb6 21. Nd4 Rfc8 22. b3 Kf8 23. f4 Ke7 24. Kf2 Kd7 25. Ke3 Rc5 26. Kd2 Rh8 27.
Nf3 Bb7 28. Rxc5 bxc5 29. Rc1 d4 30. Rxc5 Bxf3 31. gxf3 Rxh2+ 32. Kd3 Rxa2 33.
Kxd4 Rd2+ 34. Ke3 Rb2 35. Rc3 Rb1 36. Rd3+ Kc6 37. f5 exf5 38. Kf4 Kc5 39. Kxf5
Kb4 40. Rd7 Rxb3 41. f4 g6+ 42. Kg4 Re3 43. Rxf7 Kc5 44. Rf6 Kd5 45. Rxg6  1-0

[Event "M.Chigorin Memorial 2017 "]
[Site "?????-?????????"]
[Date "2017.10.24"]
[Round "4"]
[Board "139"]
[White "Shilnikov, Igor S."]
[Black "Pryalukhin, Danila"]
[Result "0-1"]
[WhiteElo "1762"]
[BlackElo "2031"]
[PlyCount "74"]
[EventDate "2017.10.21"]
[EventRounds "9"]
[EventCountry "RUS"]

1. d4 c5 2. e3 e6 3. c3 Nf6 4. Bd3 b6 5. Nf3 Bb7 6. Nbd2 cxd4 7. exd4 Be7 8.
O-O O-O 9. Qe2 d6 10. Re1 Re8 11. Ng5 h6 12. Nge4 Nbd7 13. Ng3 Qc7 14. Nf3 Bf8
15. c4 e5 16. dxe5 dxe5 17. Ne4 Nxe4 18. Bxe4 Bxe4 19. Qxe4 Nc5 20. Qg4 g6 21.
Qh4 h5 22. Bg5 Nd3 23. Re2 f5 24. Bf6 Bg7 25. Rc2 e4 26. Nd4 Qf7 27. Bxg7 Qxg7
28. Nb5 Nxb2 29. Rb1 Nd3 30. Nc3 Rac8 31. Nd5 Re5 32. Ne3 Rec5 33. Re2 g5 34.
Qxh5 Nf4 35. Nxf5 Rxf5 36. Qg4 Nxe2+ 37. Qxe2 Qd4  0-1

[Event "M.Chigorin Memorial 2017 "]
[Site "?????-?????????"]
[Date "2017.10.24"]
[Round "4"]
[Board "140"]
[White "Nikitinyh, Boris"]
[Black "Protasova, Anastasia"]
[Result "1-0"]
[WhiteElo "2027"]
[BlackElo "1780"]
[PlyCount "45"]
[EventDate "2017.10.21"]
[EventRounds "9"]
[EventCountry "RUS"]

1. e4 c6 2. d4 d5 3. exd5 cxd5 4. c4 Nf6 5. Nc3 e6 6. Nf3 Bb4 7. Bd3 dxc4 8.
Bxc4 O-O 9. O-O Qc7 10. Bb3 Bxc3 11. bxc3 Qxc3 12. Ba3 Re8 13. Rc1 Qa5 14. Bd6
Nc6 15. Ne5 Qd8 16. Bc5 Ne7 17. Qf3 Rf8 18. Rfe1 Qe8 19. h3 Nd7 20. Bd6 Qd8 21.
Nxf7 Rxf7 22. Bxe6 Qf8 23. Qxf7+  1-0

[Event "M.Chigorin Memorial 2017 "]
[Site "?????-?????????"]
[Date "2017.10.24"]
[Round "4"]
[Board "141"]
[White "Patel, Palak"]
[Black "Popovich, Alexey"]
[Result "1-0"]
[WhiteElo "1741"]
[BlackElo "2023"]
[PlyCount "99"]
[EventDate "2017.10.21"]
[EventRounds "9"]
[EventCountry "RUS"]

1. e4 c5 2. Nc3 d6 3. g3 Nc6 4. Bg2 Nf6 5. h3 e6 6. d3 Be7 7. f4 O-O 8. Nf3 d5
9. e5 Nd7 10. O-O Rb8 11. Ne2 d4 12. c4 b5 13. b3 bxc4 14. bxc4 f6 15. exf6
Bxf6 16. g4 g6 17. Ng3 Bb7 18. Ne4 Nb4 19. Re1 Bh4 20. Re2 e5 21. a3 Bxe4 22.
Rxe4 Nc6 23. fxe5 Bg3 24. Bh6 Re8 25. Bg5 Qc7 26. e6 Nde5 27. e7 Nxe7 28. Nxe5
Bxe5 29. Qe2 Nc6 30. Re1 Re6 31. Bh6 Rbe8 32. Kh1 Qe7 33. Bf4 Qd6 34. Bh6 Nd8
35. Bg5 Nf7 36. Bh4 g5 37. Bg3 Kg7 38. Bf2 Kf6 39. Rf1 Bf4 40. Bg3 Rxe4 41.
Bxe4 Kg7 42. Qf2 Rxe4 43. dxe4 Qe6 44. Bxf4 Qxe4+ 45. Kg1 gxf4 46. Re1 Qd3 47.
Qxf4 Qxc4 48. g5 Qa6 49. Re7 Qg6 50. Qe5+  1-0

[Event "M.Chigorin Memorial 2017 "]
[Site "?????-?????????"]
[Date "2017.10.24"]
[Round "4"]
[Board "142"]
[White "Bushueva, Tatjana"]
[Black "Yarosh, Ruslan"]
[Result "0-1"]
[WhiteElo "1737"]
[BlackElo "2019"]
[PlyCount "98"]
[EventDate "2017.10.21"]
[EventRounds "9"]
[EventCountry "RUS"]

1. d4 Nf6 2. Nf3 g6 3. Bf4 Bg7 4. e3 d6 5. Be2 O-O 6. O-O Nbd7 7. h3 b6 8. Re1
Bb7 9. c3 e6 10. Nbd2 Qe7 11. Nb3 h6 12. Nc1 Nh5 13. Bh2 f5 14. Nd2 Nhf6 15. a4
a5 16. Bf3 Bxf3 17. Nxf3 g5 18. Nd3 Qf7 19. Qc2 Rad8 20. b4 Ne4 21. Rac1 h5 22.
Nd2 Nxd2 23. Qxd2 e5 24. Nb2 Nf6 25. b5 h4 26. Qc2 Nh5 27. dxe5 dxe5 28. c4 g4
29. Kh1 g3 30. Bg1 e4 31. Red1 Qe7 32. Rd2 Qb4 33. Rcd1 Rxd2 34. Rxd2 Bxb2 35.
Qxb2 Qxb2 36. Rxb2 Rd8 37. f3 Nf6 38. f4 Rd1 39. Rc2 Nd7 40. Ra2 Rd3 41. Rc2
Nc5 42. Ra2 Rc3 43. Rd2 Nd3 44. Rd1 Rxc4 45. Ra1 Rc1 46. Rxc1 Nxc1 47. Bh2 gxh2
48. Kxh2 Ne2 49. Kh1 Nc3  0-1